KOHA-Header-6

Modern Power Electronics and AC Drives (Record no. 308)

000 -LEADER
fixed length control field 00319nam a2200121Ia 4500
008 - FIXED-LENGTH DATA ELEMENTS--GENERAL INFORMATION
fixed length control field 190722s9999 xx 000 0 und d
020 ## - INTERNATIONAL STANDARD BOOK NUMBER
International Standard Book Number 978-81-203-2749-8
100 ## - MAIN ENTRY--PERSONAL NAME
Personal name Bimal K.Bose
245 #0 - TITLE STATEMENT
Title Modern Power Electronics and AC Drives
260 ## - PUBLICATION, DISTRIBUTION, ETC. (IMPRINT)
Place of publication, distribution, etc New Delhi
Name of publisher, distributor, etc PHI Learning Pvt. Ltd.
Date of publication, distribution, etc 2014
300 ## - PHYSICAL DESCRIPTION
Extent 711
942 ## - ADDED ENTRY ELEMENTS (KOHA)
Koha item type Books
Holdings
Withdrawn status Lost status Source of classification or shelving scheme Damaged status Not for loan Collection code Permanent Location Current Location Shelving location Date acquired Full call number Barcode Date last seen Price effective from Koha item type
          Electrical Engineering MAJU MAJU Shelf No.A25 2019-07-22 621.317 6934 2019-07-22 2019-07-22 Electrical Engineering

Powered by Koha